Long-term changes in teacher beliefs and motivation: Progress, stagnation or regress? (Record no. 194260)
[ view plain ]
| 000 -LEADER | |
|---|---|
| fixed length control field | 01418nam a22001937a 4500 |
| 005 - DATE AND TIME OF LATEST TRANSACTION | |
| control field | 20250116141846.0 |
| 008 - FIXED-LENGTH DATA ELEMENTS--GENERAL INFORMATION | |
| fixed length control field | 250116b |||||||| |||| 00| 0 eng d |
| 040 ## - CATALOGING SOURCE | |
| Transcribing agency | LDD |
| 100 ## - MAIN ENTRY--PERSONAL NAME | |
| Personal name | Bonke, Nikolaus |
| 245 ## - TITLE STATEMENT | |
| Title | Long-term changes in teacher beliefs and motivation: Progress, stagnation or regress? |
| 260 ## - PUBLICATION, DISTRIBUTION, ETC. | |
| Place of publication, distribution, etc. | Elsevier, 2024 |
| 300 ## - PHYSICAL DESCRIPTION | |
| Other physical details | p. 1-14 |
| 490 ## - Journal | |
| Journal | An International Journal Of Research And Studies |
| Volume/sequential designation | Vol. 141 |
| 500 ## - GENERAL NOTE | |
| General note | Developing and maintaining constructivist beliefs and high levels of enthusiasm are important goals in the teaching profession. Therefore, in the present study, we investigated beliefs and enthusiasm of N = 856 German mathematics teacher (candidates) longitudinally. Results of latent growth curve modeling revealed that teachers’ constructivist beliefs declined, subject enthusiasm initially increased, and teaching enthusiasm remained stable over a 12-year period. Openness to experience buffered a decline in constructivist beliefs. Collaboration with colleagues and reflection were predictive of in-service teachers’ level of constructivist beliefs and their teaching enthusiasm, providing valuable implications about how to promote positive long-term developments. |
| 650 ## - SUBJECT ADDED ENTRY--TOPICAL TERM | |
| Topical term or geographic name entry element | Teacher Beliefs |
| 700 ## - ADDED ENTRY--PERSONAL NAME | |
| Personal name | Klusmann, Uta |
| 856 ## - ELECTRONIC LOCATION AND ACCESS | |
| Link text | click here to access online |
| Uniform Resource Identifier | <a href="https://www.sciencedirect.com/science/article/pii/S0742051X24000210">https://www.sciencedirect.com/science/article/pii/S0742051X24000210</a> |
| 942 ## - ADDED ENTRY ELEMENTS (KOHA) | |
| Source of classification or shelving scheme | Dewey Decimal Classification |
| Koha item type | Article |
| Date last seen | Total checkouts | Price effective from | Koha item type | Lost status | Source of classification or shelving scheme | Damaged status | Not for loan | Withdrawn status | Home library | Current library | Date acquired |
|---|---|---|---|---|---|---|---|---|---|---|---|
| 01/16/2025 | 01/16/2025 | Article | Dewey Decimal Classification | Library and Documentation Division NCERT | Library and Documentation Division NCERT | 01/16/2025 |





